|
|
|
|
| LEADER |
00000nab a2200000 4500 |
| 001 |
vtls012014349 |
| 003 |
SK-MaSNL |
| 005 |
20260318122149.0 |
| 008 |
210212c2019 xo er|n || ||00 c0ukr |
| 015 |
|
|
|a SNBRB2021/02
|
| 038 |
|
|
|a SVKPOCL
|
| 040 |
|
|
|a SVKPOCL
|b slo
|c SVKPOCL
|e rda
|
| 041 |
0 |
|
|a ukr
|
| 043 |
|
|
|a e-xo---
|
| 044 |
|
|
|a xo
|c SK
|
| 072 |
|
7 |
|a 930.85
|x Dejiny civilizácie. Kultúrne dejiny
|2 konspekt
|
| 072 |
|
7 |
|a 94(437.6)
|x Dejiny Slovenska
|2 konspekt
|
| 080 |
|
|
|a 94(437.6)"1944"
|2 2011
|
| 080 |
|
|
|a 323.28:329.17:621.78.019.2
|2 2011
|
| 080 |
|
|
|a 94(437.671)"1944"
|2 2011
|
| 080 |
|
|
|a 94(100)"1939/1945"
|2 2011
|
| 080 |
|
|
|a 355.48(100)"1939/1945"
|2 2011
|
| 080 |
|
|
|a 355.1-058.65:621.78.019.2
|2 2011
|
| 080 |
|
|
|a (437.671)
|2 2011
|
| 080 |
|
|
|a 908
|2 2011
|
| 110 |
2 |
|
|a Redakcia novín Nove žyttja
|4 aut
|9 837994
|
| 245 |
0 |
0 |
|a 75 rokiv tomu stalasja Tokajic'ka trahedija
|c [autor] r
|
| 300 |
|
|
|b Fotografie
|
| 336 |
|
|
|a text
|b txt
|2 rdacontent
|
| 337 |
|
|
|a bez média
|b n
|2 rdamedia
|
| 338 |
|
|
|a zväzok
|b nc
|2 rdacarrier
|
| 500 |
|
|
|a V rubrike Z krajiny i kraju
|
| 648 |
|
7 |
|a 19.-20.11.1944
|2 svkpocl
|9 1089161
|
| 648 |
|
7 |
|a 19.11.2019
|2 svkpocl
|9 1111199
|
| 648 |
|
7 |
|a 1969
|2 svkpocl
|9 337832
|
| 650 |
0 |
7 |
|a druhá svetová vojna (1939-1945)
|2 SNKPH
|9 169657
|
| 650 |
0 |
7 |
|a nacistické zločiny
|2 SNKPH
|9 4464
|
| 650 |
0 |
7 |
|a vojnové obete
|2 SNKPH
|9 116047
|
| 650 |
0 |
7 |
|a spálené obce
|2 svkpocl
|9 1089162
|
| 650 |
0 |
7 |
|a výročia a významné udalosti
|2 SNKPH
|9 16069
|
| 650 |
0 |
7 |
|a regionálne dejiny
|2 SNKPH
|9 63645
|
| 650 |
0 |
7 |
|a dejiny obcí
|2 SNKPH
|9 164834
|
| 651 |
|
7 |
|a Tokajík (Slovensko)
|2 SNKPHgeo
|9 59595
|
| 651 |
|
7 |
|a Slovensko
|2 SNKPHgeo
|9 14231
|
| 773 |
0 |
|
|t Nove žyttja
|g Roč. 69, č. 21 (2019), s. 3
|
| 852 |
|
|
|a SVKPO
|b KIS3GCP
|
| 958 |
|
|
|a RN
|
| 958 |
|
|
|a SK
|
| 958 |
|
|
|a BX
|
| 958 |
|
|
|a NM
|
| 958 |
|
|
|a SS
|
| 999 |
|
|
|c 3015284
|d 3017214
|